000 00476nam a2200181Ia 4500
005 20250326125212.0
008 250326s9999 xx 000 0 und d
037 _aTextbook
040 _aFMSL
_beng
_cFMSL
041 _aeng
_2eng
084 _aX5 L1.2
_qFMSL
100 _aHarvey J H
_9440673
245 0 _aElements of commerce
_cHarvey J H
260 _aLondon
_bLondon, Cassell
_c1971
300 _a142p
942 _cTB
_hX5 L1.2
999 _c1276983
_d1276983